000 00609nam a22002177a 4500
003 OSt
005 20140310181943.0
008 121123t xxu||||| |||| 00| 0 eng d
020 _a0812504348
050 _aPR 4557
_b.D548 1988
082 _aCLA D55c
_b1988
100 _aDickens, Charles
_93381
245 _aA christmas carol /
_cCharles Dickens
260 _aNew York :
_bA Tom Doherty Associates Book,
_cc1988.
300 _a116 p.
_c17 cm.
541 _j1
562 _e1
650 _aChristmas
_xFiction
_93695
650 _aChildren's literature
_xFiction
_93696
942 _2lcc
_cBBK
_kCLA
999 _c7722
_d7722